Polscy autorzy - Statystyki

Ogólne statystyki
  • Ten quiz został rozwiązany 26 razy
  • Średni wynik to 8 z 15
Statystyki odpowiedzi
Wskazówka Odpowiedź % Poprawnych
Konrad Wallenrod Adam Mickiewicz
96%
Lalka Bolesław Prus
92%
Krzyżacy Henryk Sienkiewicz
92%
Kordian Juliusz Słowacki
81%
Przedwiośnie Stefan Żeromski
77%
Akademia pana Kleksa Jan Brzechwa
73%
Lokomotywa Julian Tuwim
65%
Wiedźmin Andrzej Sapkowski
54%
Rota Maria Konopnicka
54%
W malinowym chruśniaku Bolesław Leśmian
35%
Bieguni Olga Tokarczuk
31%
Noce i dnie Maria Dąbrowska
23%
Felix, Net i Nika Rafał Kosik
12%
Kaśka Kariatyda Gabriela Zapolska
8%
Za niebieskimi drzwiami Marcin Szczygielski
4%
Nie znaleziono quizów pasujących do podanych kryteriów
Rozkład punktacji
Procent ludzi z każdym wynikiem
Percentyl według liczby udzielonych odpowiedzi
Twoja historia wyników
Nie rozwiązałeś tego quizu